Keretapi
| Format: | Book |
|---|---|
| Published: |
Petaling Jaya :
Syarikat Buku Uni-Text ,
1975
|
| Series: | Kembara pengetahuan sains
|
| Subjects: |
MARC
| LEADER | 00000cam a2200000 7i4500 | ||
|---|---|---|---|
| 001 | 0000018750 | ||
| 002 | 000020399 | ||
| 005 | 20000330.0 | ||
| 020 | |a T000001716 | ||
| 090 | 0 | 0 | |a J 500 |b KEM |
| 245 | 0 | 0 | |a Keretapi |
| 260 | |a Petaling Jaya : |b Syarikat Buku Uni-Text , |c 1975 | ||
| 300 | |a 60p. : |b ill. ; |c 19cm. | ||
| 490 | 0 | |a Kembara pengetahuan sains | |
| 650 | 0 | 0 | |a Science |x Juvenile literature |
| 999 | |a 0006087 |b BUKU |c PINJAMAN |e PERPUSTAKAAN KOMUNITI PETALING JAYA | ||